000 00483pab a2200169 454500
008 180718b2005 xxu||||| |||| 00| 0 eng d
100 _aFrison-Roche, Francois
245 _aThe issues involved in the reform of the Bulgarian judicial system
260 _c2005
300 _ap.593-606.
362 _aDec
650 _aJudiciary - Bulgaria
650 _aJudiciary
700 _aSodev, Spas-Dimitrov
773 _aInternational Review of Administrative Sciences
909 _a68720
999 _c68720
_d68720